00528nam a2200181 a 4500003000200000005001700002008004100019020001800060050002200078245001000100260003000110440001700140500002300157650001800180942001200198999001900210952011700229020170411185845.0080122s19uu xx 00 eng d a1-59060-501-2 aTR(PS EbN66 2000 aNoah. bPlaymore inc.aNew York : aBible pop-up aBible pop-up story aBible stories 2ddccBK c106112d106112 00102ddc40aELbELcTRd2008-01-22eDONATIONl0oTR(PS E N66 2000pE11223r2014-04-12 00:00:00w2014-04-12yBK